| 000 | 01427cam a2200337 i 4500 | ||
|---|---|---|---|
| 001 | 17370422 | ||
| 003 | NUST - PNEC | ||
| 005 | 20170116181201.0 | ||
| 008 | 120702t20122012maua b 001 0 eng | ||
| 010 | _a 2012019109 | ||
| 020 | _a9789382291510 | ||
| 020 | _a9780123973375 (alk. paper) | ||
| 040 |
_aDLC _beng _cLIBRARY _erda _dDLC |
||
| 042 | _apcc | ||
| 050 | 0 | 0 |
_aQA76.6 _b.H5244 2012 |
| 082 | 0 | 0 |
_a005.434 HER _223 |
| 100 | 1 |
_aHerlihy, Maurice, _eauthor. |
|
| 245 | 1 | 4 |
_aThe art of multiprocessor programming / _cMaurice Herlihy, Nir Shavit. |
| 250 | _aRevised first edition. | ||
| 260 |
_aAmsterdam: _bMorgan Kaufmann; _cc2012. |
||
| 300 |
_axxiv, 508 pages : _billustrations ; _c24 cm |
||
| 504 | _aIncludes bibliographical references (pages 483-493) and index. | ||
| 650 | 0 |
_aMultiprogramming (Electronic computers) _xMIS |
|
| 650 | 0 | _aMultiprocessors. | |
| 700 | 1 |
_aShavit, Nir, _d1959- _eauthor. |
|
| 775 | 0 |
_aHerlihy, Maurice. _tArt of multiprocessor programming _dAmsterdam : Elsevier/Morgan Kaufmann, 2008 _hxx, 508 p. : ill. ; 24 cm. _w(DLC) 2008273906 |
|
| 856 | _uhttp://www.amazon.com/Art-Multiprocessor-Programming-Revised-Reprint/dp/0123973376/ref=sr_1_1?s=books&ie=UTF8&qid=1455527378&sr=1-1&keywords=9780123973375 | ||
| 906 |
_a7 _bcbc _corignew _d1 _eecip _f20 _gy-gencatlg |
||
| 942 |
_2ddc _cBK |
||
| 999 |
_c71467 _d71467 |
||